000 00881nam a22002537a 4500
001 10111
003 FISKH
005 20260421091537.0
008 260421b cb ||||| |||| 00| 0 eng d
020 _a9781405234696
040 _aFISKH
_beng
_cFISKH
_dFISKH
082 _a 823.92
100 _aAwdry, W.
245 _aThomas & friends:
_bHarold /
260 _aUnited Kingdom :
_bEgmont,
_c1996.
300 _a30 unnumbered pages :
_bcolor illustations ;
_c14 cm
505 _aH
520 _aThe perfect introduction to Thomas the Tank Engine! All aboard for an engine adventure! Read about when Harold the Helicopter first landed on Sodor and raced Percy across the Island. Who do you think was the winner?
521 8 _a430
_bLexile estimate
521 8 _aH
_bRaz-Plus
650 _aPicture Book
_vJunior Fiction
942 _2ddc
_cBK
_n0
999 _c10111
_d10111